| Поле | Название | Значение |
| |
Тип записи |
a |
| |
Библиографический уровень |
m |
| 001 |
Контрольный номер |
RU/IS/BASE/312309379 |
| 005 |
Дата корректировки |
20201206204705.7 |
| 010 |
Индекс ISBN |
__ |
| a |
ISBN |
5-93190-194-9 |
| d |
Цена |
200-00 |
| 101 |
Язык документа |
__ |
| a |
Язык текста |
rus |
| c |
Язык оригинала |
rus |
| 200 |
Заглавие и сведения об ответственности |
1_ |
| a |
Заглавие |
Семейное консультирование |
| e |
Сведения, относящиеся к заглавию |
учеб. для студентов высш. учеб. заведений |
| f |
Первые сведения об ответственности |
В. В. Гагай |
| b |
Общее обозначение материала |
Текст |
| 210 |
Выходные данные |
__ |
| a |
Место издания |
Сургут |
| c |
Издательство |
РИО СурГПУ |
| d |
Дата издания |
2009 |
| 215 |
Физическое описание |
__ |
| a |
Объем |
235 с. |
| 300 |
Общие примечания |
__ |
| a |
Общие примечания |
Обязат. экз. |
| 330 |
Аннотация |
__ |
| a |
Аннотация |
Систематизированы основные принципы и теоретические подходы к консультированию семьи как живой развивающейся системы, описаны основные методы и техники работы семейного консультанта, анализируются стратегии и тактики консультирования клиентов по различным семейным проблемам. |
| 606 |
Тематические рубрики |
__ |
| a |
Основная рубрика |
Психология |
| 606 |
Тематические рубрики |
__ |
| a |
Основная рубрика |
Отраслевая психология |
| 610 |
Ключевые слова |
__ |
| a |
Ключевые слова |
семейная психология; семейное консультирование; консультирование семьи; супружеское консультирование; психологи-консультанты |
| 686 |
Индексы других классификаций |
__ |
| a |
Классификационный индекс |
88.5я73 |
| 700 |
Автор |
_1 |
| a |
Фамилия |
Гагай |
| b |
Имя |
В. В. |
| 4 |
Код отношения |
070 |
| 801 |
Источник записи |
_0 |
| a |
Страна |
RU |
| b |
Организация |
Муниципальное бюджетное учреждение культуры "Централизованная библиотечная система" г. Сургут (Центральная городская библиотека им. А. С. Пушкина) |
| g |
Правила каталогизации |
КиК/Елгина |
| 801 |
Источник записи |
_1 |
| a |
Страна |
RU |
| b |
Организация |
Муниципальное бюджетное учреждение культуры "Централизованная библиотечная система" г. Сургут (Центральная городская библиотека им. А. С. Пушкина) |
| g |
Правила каталогизации |
КиК/Елгина |
| 852 |
Данные о местонахождении |
__ |
| j |
Шифр хранения |
88.5я73 |
| c |
Каталожный индекс |
88.5я73 |
| i |
Авторский знак |
Г 12 |
| 901 |
Тип документа |
__ |
| t |
Тип документа |
m |
| 903 |
Характеристики (МАРС) |
__ |
| a |
Дата передачи |
20091126 |
| 990 |
Данные о заказе (DOS) |
__ |
| j |
Количество экземпляров (DOS) |
2 |
| h |
N записи в КСУ для Б/У (DOS) |
200911 |